Datum a čas kvízu
32.5
Celkem bodů
Celkový počet nahraných bodů na tomto kvízu bez doplňovacích otázek.
9.
Pořadí na kvízu
Konečné umístění týmu na tomto kvízu.
Zaznamenané odpovědi
| # | Otázka | Odpověď | Body | Výsledky |
|---|---|---|---|---|
| 1. | Zvolený prezident Petr Pavel z... | 58,32 % | 1 | |
| 2. | Novým premiérem jedné země se... | Nový Zéland | 0 | |
| 3. | Americká Akademie filmového um... | B) Všechno, všude, najednou | 0 | |
| 4. | Minulý týden se k planetě Zemi... | Neandertálská kometa | 0 | |
| 5. | Barbora Krejčíková a Kateřina... | 7. titul (6. a 8. za půl bodu) | 1 | |
| 6. | Dne 15. dubna 1986 byl jeden z... | Vojtěch Filip | 0 | |
| 7. | Ziggy Stardust je mimozemská r... | David Bowie | 1 | |
| 8. | Jak si v současnosti říká tent... | Redzed | 1 | |
| 9. | Přezdívky mají i státy USA. Do... | 1D 2B 3A 4C | 1 | |
| 10. | I mnozí sportovci si dávají př... | Kaká | 1 |